000 01333nam a2200337 i 4500
001 197444
003 ES-MaACL
005 20250821063125.0
008 250519b2025 sp ||||| |||| 00| 0 spa d
017 _aCO 582-2025
_bOficina Depósito Legal Córdoba
020 _a9788412913361
040 _bspa
_cES-MaACL
100 1 _aSánchez, Cristina,
_9240786
_d1971-
_eaut
245 _aMujer y torero /
_cCristina Sánchez, con la colaboración de Paco Aguado.
250 _aPrimera edición: marzo 2025.
260 _aCórdoba :
_bEl Paseíllo,
_c2025.
264 _c©2025.
300 _a256 páginas ;
_c23 cm.
336 _2rdacontent
_atexto
337 _2rdamedia
_asin mediación
338 _2rdacarrier
_avolumen
650 4 _911370
_aCorridas de toros
650 4 _917560
_aToreros-
_zBiografías
700 0 _953229
_aGago, Alejandro
_epfr
852 _aES-MaACL
_cDEPOJ
_jN-10486
_gDedicatoria autógrafa de la autora
_hDonación: Cristina Sánchez
_xEncuadernación rústica con solapas
_9206609
903 _9175753
_aSánchez-Andrade, Cristina,
_d1968-
_ednr
942 _cMONOGRAFIA
_n0
999 _c197444
_d197444